000 00721nam a2200289Ia 4500
005 20260324120104.0
008 008 260324s9999 xx 000 0 eng d
020 _a9781315695778
037 _aEBOOK
040 _aCRL
040 _beng
040 _cCRL
041 _2eng
041 _aeng
084 _qCRL
100 _aTimothy A. Carey; Sara Tai; Warren Mansell
_91157187
245 0 _aPrinciples-Based Counselling and Psychotherapy
245 2 _bA Method of Levels approach
260 _bTaylor and Francis
260 _c2015
365 _a
365 _b240
856 _uhttp://www.taylorfrancis.com/books/9781315695778
942 _cEBOOK
999 _c1748515
_d1748515